| 000 | 00666nam a22002057a 4500 | ||
|---|---|---|---|
| 999 |
_c10992 _d10992 |
||
| 003 | AR-CdUCM | ||
| 008 | 190402b ||||| |||| 00| 0 spa d | ||
| 040 |
_aMUNICIPALIDAD PROVINCIAL DEL CUSCO _cBIBLIOTECA MUNICIPAL DEL CUSCO |
||
| 082 |
_aEP / 374.51 / _bID31 |
||
| 100 |
_aIdme Condori, Haydee _928094 |
||
| 245 |
_aMarisita : _bComunicación II / |
||
| 260 |
_aCusco : _bDvd Servicios graficos, _c2012. |
||
| 300 |
_a50 paginas ; _bilustraciones, graficos, dibujos, _c28 cm. |
||
| 500 | _aCuaderno de trabajo | ||
| 650 |
_aCuaderno de trabajo _911620 |
||
| 650 |
_aTexto educativo _925832 |
||
| 650 |
_aPrimaria _99686 |
||
| 942 |
_2ddc _cLIBROS |
||
| 945 | _apjha | ||